000 00539nam a2200217Ia 4500
008 170918s9999 xx 000 0 und d
020 _a9780590187312
050 _bC689 1999
100 _aCole, Joanna
245 _aGets programmed :
245 _ba book about computers /
245 _cby Joanna Cole and Bruce Degen.
260 _aNew York :
260 _bScholastic,
260 _c1999
300 _aunpaged :
300 _bcolored illustration ;
300 _c20cm.
440 _aThe magic school bus.
500 _a470
999 _c342987
_d342987